000 00739nam a22001577a 4500
005 20120106143732.0
020 _a8189377035
_c200.00
082 _a821
100 _aयादव, उषा
_9834
245 _aगुड़ियों का संसार /
_cउषा यादव
260 _aदिल्ली
_bएरगॉन पब्लिशर्स एण्ड डिस्ट्रीब्यूटर्स
_c2011
270 _aUpper Ground Floor, 1376, Kashmiri Gate
_bDelhi
_e110006
300 _a76पृ.
_bसचित्र
_c24 सेमी ( सजिल्द)
942 _2ddc
_cCH
_h821
_mयादव
999 _c60457
_d60457